Statistics for Real Madrid Best Scorer By Year

Click here to take the quiz!

General Stats

  • This quiz has been taken 7,177 times
    (5,677 since last reset)
  • The average score is 9 of 27

Answer Stats

Player% Correct
Cristiano Ronaldo
100%
Karim Benzema
99%
Ronaldo
99%
Raúl
85%
Alfredo Di Stéfano
76%
Ferenc Puskás
64%
Gonzalo Higuain
54%
Ruud van Nistelrooy
42%
Emilio Butragueño
41%
Hugo Sánchez
41%
Fernando Morientes
36%
Paco Gento
33%
Pirri
16%
Santillana
16%
Fernando Hierro
15%
Davor Šuker
13%
Iván Zamorano
10%
Juanito
8%
Míchel
7%
Amancio
6%
Jorge Valdano
4%
Pahiño
3%
Francisco Pineda
1%
Manuel Velázquez
1%
Oscar Más
1%
Ramón Grosso
1%
Uli Stielike
1%

Score Distribution

Percentile by Number Answered

Percent of People with Each Score

Your Score History

You have not taken this quiz since the last reset